| 000 | 00951cam a22003013a 4500 | ||
|---|---|---|---|
| 001 | 1155 | ||
| 003 | PGUSA | ||
| 005 | 20140828082957.0 | ||
| 008 | 980101s1998||||xxu|||||s|||||000 1 eng d | ||
| 040 |
_aPGUSA _beng |
||
| 042 | _adc | ||
| 050 | 4 | _aPR | |
| 100 | 1 |
_aChristie, Agatha, _d1890-1976 |
|
| 245 | 1 | 4 |
_aThe Secret Adversary _h[electronic resource] / _cAgatha Christie |
| 260 |
_bProject Gutenberg, _c1998 |
||
| 506 | _aPublic domain in the USA. | ||
| 516 | _aElectronic text | ||
| 653 | _aPrivate investigators -- England -- Fiction | ||
| 653 | _aDomestic fiction | ||
| 653 | _aDetective and mystery stories | ||
| 653 | _aMarried people -- Fiction | ||
| 653 | _aBeresford, Tommy (Fictitious character) -- Fiction | ||
| 653 | _aMissing persons -- Fiction | ||
| 653 | _aBeresford, Tuppence (Fictitious character) -- Fiction | ||
| 830 | 0 |
_aProject Gutenberg _v1155 |
|
| 856 | 4 | 0 | _uhttp://www.gutenberg.org/ebooks/1155 |
| 942 | _cEB | ||
| 999 |
_c230503 _d230503 |
||